LEADER 01007nam a2200229 a 4500 001 000000144377 003 CaOOAMICUS 005 20150625141442.0 008 150625s1987 it u000 u ita r 040 $aPUL$bita 100 1 $aGrasso, Giacomo,$cO.P.$0(OLS)http://pul/name/52047 245 10$aChe cosa è bene? Che cosa è male? :$bOrientamenti per i giovani e per chi vuole avere idee chiare /$cGiacomo Grasso. 260 $aTorino :$bGribaudi,$c©1987. 300 $a135 p. ;$c19 cm 650 4$aBene e male.$0(OLS)http://pul/subject/7492 650 4$aEducazione morale.$0(OLS)http://pul/subject/7350 850 $aPUL 852 $aPUL$W1$xDP1 Fondo S. Lanza$y121$m3 F 33$j166603$qFondi$B167206$CPULBib$Z2$F167206 $HLan911 $82 941 1 $a1 996 $6245$aChe cosa è bene? Che cosa è male? :$bOrientamenti per i giovani e per chi vuole avere idee chiare$9(OLS)http://pul/title/182669 996 $6260$aTorino :$bGribaudi$9(OLS)http://pul/publisher/58305 LEADER 01636nam a2200337 a 4500 001 000000151109 003 CaOOAMICUS 005 20160407123157.0 008 160407s1993 be u000 u fre r 020 $a2 -503-37006-3* 032 $aLibriCat 040 $aPUL$bita 041 0 $aeng$afre$ager 110 2 $aComité international du vocabulaire des institutions et de la communication intellectuelles au Moyen Âge. Colloquium $n(4 :$d1992 :$cLeuven).$0(OLS)http://pul/name/96154 245 10$aVocabulaire des collèges universitaires (XIIIe-XVIe siècles) :$bActes du colloque, Leuven 9-11 avril 1992 /$cédités par Olga Weijers. 260 $aTurnhout :$bBrepols,$c1993. 300 $a185 p. ;$c24 cm. 490 1 $aEtudes sur le vocabulaire intellectuel du moyen âge ;$v06 500 $aIn testa al front.: CIVICIMA. 504 $aBibliografia in nota. 546 $aContributi in inglese, tedesco e francese. 650 4$aCultura$zEuropa$yEvo medio.$0(OLS)http://pul/subject/34540 700 1 $aWeijers, Olga.$0(OLS)http://pul/name/50455 830 0$aEtudes sur le vocabulaire intellectuel du moyen âge ;$v06.$0(OLS)http://pul/title/99351 850 $aPUL 852 $aPUL$W1$xDP1 Cons. Gen., Altre Classi 1$y22$m733 M 6$j173558$qStampati$B175891$CPULBib$Z2$F175891 $81 941 1 $a8 996 $6020$a2 -503-37006-3*$9(OLS)http://pul/number/160212 996 $6245$aVocabulaire des collèges universitaires (XIIIe-XVIe siècles) :$bActes du colloque, Leuven 9-11 avril 1992$9(OLS)http://pul/title/190309 996 $6260$aTurnhout :$bBrepols$9(OLS)http://pul/publisher/47850